000 005000000a22001930004500
003 LK-CoMWRAF
005 20231030092316.0
008 230817t ||||| |||| 00| 0 eng d
040 _aLK-CoMWRAF
_dLK-CoMWRAF
_eLK-CoMWRAF
041 _aeng
082 _a823
_bWIC
100 _aWickramasinghe, Martin
245 _aThe way of the lotus :
_bViragaya
260 _aSri Lanka :
_bTisara,
_c1985
300 _a173p
650 _aEnglish Fiction
650 _aEnglish Fiction--Sri Lanka
942 _cBK
999 _c1150
_d1150